000 00287nam a22001337a 4500
008 190205b xxu||||| |||| 00| 0 eng d
020 _a9780976504801
041 _aeng
080 _a610
100 _a4
101 _aSHM
245 _aHealthier at Home
_cSchooley,S
942 _2udc
_cBK
999 _c54059
_d54059